Què és la Diputació de Barcelona
Descripción Física:
20 p. : il., col. ; 22 cm
MARC
| LEADER | 00000nam a2200000Ia 4500 | ||
|---|---|---|---|
| 001 | 11083 | ||
| 008 | 160829s1989 xx 000 0 cat d | ||
| 080 | |a FU-9-51 | ||
| 110 | 1 | |a Barcelona (Catalunya : Província). |b Diputació |9 52408 | |
| 245 | |a Què és la Diputació de Barcelona | ||
| 260 | |a Barcelona : |b Diputació, |c 1989 | ||
| 300 | |a 20 p. : |b il., col. ; |c 22 cm | ||
| 590 | |a Hi ha un duplicat: DUP-21-64 | ||
| 610 | 1 | 0 | |a Barcelona (Catalunya : Província). |b Diputació |9 52408 |
| 901 | |a Arxiu | ||
| 942 | |n 1 | ||
| 952 | |0 0 |1 0 |4 0 |6 FU951 |7 1 |9 42445 |a Arxiu |b Arxiu |d 2016-12-01 |l 0 |o FU-9-51 |p 11083 |r 2016-12-01 00:00:00 |w 2016-12-01 |y ARXIU | ||
| 999 | |c 44950 |d 44950 | ||